Concepts of Genetics
| Main Authors: | , |
|---|---|
| Format: | Section = Libro |
| Language: | Undetermined Spanish |
| Published: |
Macmillan Publishing company
1991
|
| Edition: | 3a.ed |
| Subjects: |
| LEADER | 00599nam a2200229Ia 4500 | ||
|---|---|---|---|
| 008 | 240830s9999 xx 000 0 und d | ||
| 020 | |a 0-02-364793-0 | ||
| 040 | |a CEDOC FIQ-RUSB / 570 K66 | ||
| 041 | |a spa | ||
| 082 | |a 570 K66 | ||
| 100 | 1 | |a Klug, William S. | |
| 100 | 1 | |b Cummings, Michael R. | |
| 245 | 1 | 0 | |a Concepts of Genetics |
| 250 | |a 3a.ed | ||
| 260 | |b Macmillan Publishing company |c 1991 | ||
| 300 | |a 724 p.: il. | ||
| 650 | 7 | |a CIENCIAS BIOLÓGICAS | |
| 650 | 7 | |b HERENCIA Y FENOTIPO | |
| 650 | 7 | |c DETERMINACIÓN Y LIGAMIENTO AL SEXO | |
| 942 | |c BK |2 ddc | ||
| 991 | |a TEXTO | ||
| 999 | |c 27162 | ||